Зараждането на индивида в изкуството (Запис номер 72804)
[ съкратено ]
| 000 -Лидер | |
|---|---|
| Контролно поле с фиксирана дължина | 02019nam a2200421 c 4500 |
| 003 - Код на организацията, давaща контролен номер | |
| Контролно поле | BLK |
| 005 - Дата и час на последна редакция | |
| Контролно поле | 20180422103319.0 |
| 008 - Елементи от данни с фиксирана дължина | |
| fixed length control field | 180408b bul|||||r ||||||| ||bul|| |
| 010 ## - Наследен системен номер | |
| LC control number | KNG00077181000 |
| 020 ## - Международен стандартен номер на книга ISBN | |
| Международен стандартен номер на книга ISBN | 954-533-070-8 |
| -- | издат.: Кралица МАБ |
| 040 ## - Източник на каталожния запис | |
| Идентификатор на билиотеката - собственик на записа | BLK |
| 041 ## - Код за език | |
| Код за езика на текст/звукозапис или на отделно заглавие | Български |
| Код за езика КДБФ | Български |
| 080 ## - УДК | |
| Текстов определител УДК | Човек. Тяло. Лице. Портрет. Битов жанр |
| УДК код - определител по УДК | 7.041 |
| УДК определител | |
| УДК - код + определител | 7.041 |
| 080 ## - УДК | |
| Текстов определител УДК | Изкуството като форма на общественото съзнание. Изкуство и общество |
| УДК код - определител по УДК | 7.010.1 |
| УДК определител | |
| УДК - код + определител | 7.010.1 |
| 100 1# - Редна дума - Автор | |
| Автор | Фокрул, Бернар |
| Авторска отговорност | първи автор |
| R(LIN) | 134531 |
| 139 ## - Редно поле | |
| Редна дума | Фокрул, Бернар и др. |
| Авторски знак | Фок - Ф 68 |
| 245 10 - Сведения за заглавието | |
| Заглавие | Зараждането на индивида в изкуството |
| Редно поле (дума) | Бернар Фокрул; съавт. Робер Льогро; съавт. Цветан Тодоров; прев. Албена Попова; прев. Златко Стайков. |
| 257 ## - Страна на издаване | |
| Страна на създаване/издаване | Франция |
| 260 ## - Област на издателските данни | |
| -- | София |
| Име на издателя, разпространителя и проч. | Кралица МАБ |
| Година на издаване | 2006 |
| 300 ## - Физическа характеристика | |
| Страници | 148 с. |
| Размери/Мащаб | 20 см |
| 380 ## - Жанр | |
| Жанр | Изкуство |
| 500 ## - Общи забележки | |
| Забележка | Ориг. загл. La naissance de l'individu dans l'art / Bernard Foccoule, Robert Legros, Tzvetan Todorov. - Пълното име на Цв. Тодоров е Цветан Тодоров Боров. - Библиогр. с. 143-146 |
| 504 ## - Забележка за наличие на библиография и др | |
| Забележка за наличие на библиография и под. | 143-146 |
| 650 #4 - Допълнително описание по предмет – тема | |
| Основно описание – тема или топоним | Изкуство - теми, образи, сюжети |
| 9 (RLIN) | 278307 |
| 650 #4 - Допълнително описание по предмет – тема | |
| Основно описание – тема или топоним | Изкуство и действителност |
| 9 (RLIN) | 296067 |
| 653 ## - Ключова дума – ненормативна | |
| Ключова дума | изкуство |
| 653 ## - Ключова дума – ненормативна | |
| Ключова дума | индивид |
| 653 ## - Ключова дума – ненормативна | |
| Ключова дума | модернизъм |
| 700 1# - Други автори (авторска отговорност) | |
| Лично име | Льогро, Робер |
| Автороска отговорност (Описва отношението между автора и произведението) | съавт. |
| 9 (RLIN) | 90101 |
| 700 1# - Други автори (авторска отговорност) | |
| Лично име | Тодоров, Цветан |
| Автороска отговорност (Описва отношението между автора и произведението) | съавт. |
| Друга информация | Боров, Цветан Тодоров |
| 9 (RLIN) | 363479 |
| 700 1# - Други автори (авторска отговорност) | |
| Лично име | Попова, Албена |
| Автороска отговорност (Описва отношението между автора и произведението) | прев. |
| 9 (RLIN) | 363337 |
| 700 1# - Други автори (авторска отговорност) | |
| Лично име | Стайков, Златко |
| Автороска отговорност (Описва отношението между автора и произведението) | прев. |
| 9 (RLIN) | 363897 |
| 852 ## - Местоположение | |
| Форматна сигнатура | Цб 235314 |
| 856 4# - Електронен адрес и достъп | |
| Електронен формат | pdf - файл |
| Път до файла /url/ | |
| 856 4# - Електронен адрес и достъп | |
| Електронен формат | pdf - файл |
| Път до файла /url/ | |
| 942 ## - АРТИКУЛИ | |
| Вид на библиотечния материал | Книги |
| Скрит в OPAC | Не |
| 944 ## - СЪЗДАВАНЕ И РЕДАКЦИЯ на ЗАПИСА | |
| Създаване/Редакция | Създаване |
| Дата на регистрацията/редакция | 08.08.2007 |
| Служител, извършил регистрацията/редакцията | Цветанка_Енчева |
| 944 ## - СЪЗДАВАНЕ И РЕДАКЦИЯ на ЗАПИСА | |
| Създаване/Редакция | Редакция |
| Дата на регистрацията/редакция | 01.02.2008 |
| Служител, извършил регистрацията/редакцията | |
| 999 ## - СИСТЕМНИ КОНТРОЛНИ НОМЕРА | |
| Koha biblionumber | 72804 |
| Koha biblioitemnumber | 72804 |
| Код за отписване | Код за изгубен артикул | Код за повреда | Коз за рестрикции | Код за отдаване | Артикулен № | Име на библиотеката - собственик | Име на библиотеката, в която се намира в момента | Статус (Текущо местоположение) | Дата на вписване в системата | Местоположение - отдел | Цена в лева | Инвентарен номер | Систематично азбучна сигнатура | Баркод | Номер на екземпляра | Цена в евро | Служебна бележка | Служебен тип на артикула | Източник на класификационната схема |
|---|---|---|---|---|---|---|---|---|---|---|---|---|---|---|---|---|---|---|---|
| Не е изгубен | Не е повреден | без рестрикции | ползва се в читалня | 118389 | Регионална библиотека "Любен Каравелов" Русе | Регионална библиотека "Любен Каравелов" Русе | Хранилище | 2007-08-07 | Хранилище | 8.00 | 120000716337 | Цб 235314 | 120000716337 | 1 | 4.09 | Дост: Dp Вид: Д N: 12 Дата: 01.03.2007 | Книги | ||
| Не е изгубен | Не е повреден | без рестрикции | заемане за дома | 118390 | Регионална библиотека "Любен Каравелов" Русе | Регионална библиотека "Любен Каравелов" Русе | Отдел Изкуство - подръчен фонд | 2008-01-30 | Отдел Изкуство - подръчен фонд | 8.00 | 120000722764 | 7/Ф 68 | 120000722764 | 2 | 4.09 | Дост: DA Вид: А N: 1 Дата: 30.01.2008 Дата инв: 05.06.2012 Бележки инв: * | Книги | Universal Decimal Classification |